Adaptation de un niveau-seuil pour des contextes scolaires

Gorde:
Xehetasun bibliografikoak
Egile Nagusiak: Porcher, L (Egilea), Huart, M (Egilea), Mariet, F (Egilea)
Formatua: Liburua
Hizkuntza:frantsesa
Argitaratua: París Hatier 1979
Saila:Project langues vivantes
Gaiak:
Etiketak: Etiketa erantsi
Etiketarik gabe, Izan zaitez lehena erregistro honi etiketa jartzen!

MARC

LEADER 00000nam a2200000 a 4500
001 UCX7051
003 CL-VaPUC
008 930914e19790000FR |||||||||||||||||fre|d
082 0 4 |a 445  |b POR  |2 21 
100 0 |a Porcher, L  |e author  |9 323801 
700 0 |a Huart, M  |e author  |9 323802 
700 0 |a Mariet, F  |e author  |9 323803 
245 1 0 |a Adaptation de un niveau-seuil pour des contextes scolaires 
300 |a 648 p 
942 |c BK 
945 |d 19930914 00:00:00 
260 |a París  |b Hatier  |c 1979 
650 7 |a FRANCES GRAMATICA  |2 CL-VaPUC  |9 323804 
583 |a last modification  |c 19930914 00:00:00  |k Rodrigo Vera 
490 0 |a Project langues vivantes 
999 |c 226971  |d 226969 
952 |0 0  |1 0  |4 0  |6 445_000000000000000_POR_1979  |7 0  |8 A  |9 225684  |a FDOPOS  |b FDOPOS  |d 2019-11-15  |i 2943239  |o 445 POR 1979  |p 2943239  |r 2025-01-22  |w 2019-11-15  |y BK  |k MLA